ბათუმის შოთა რუსთაველის სახელმწიფო უნივერსიტეტის ბიბლიოთეკა

გერანის კულტურის აგროწესები (ბიბ.ჩანაწერი № 44515)

000 -LEADER
fixed length control field 00607nam a2200193Ia 4500
001 - CONTROL NUMBER
control field 11313
003 - CONTROL NUMBER IDENTIFIER
control field GE_BSU
008 - FIXED-LENGTH DATA ELEMENTS--GENERAL INFORMATION
fixed length control field 181216s||||||||xx |||||||||||||| ||und||
040 ## - CATALOGING SOURCE
Transcribing agency GE_BSU
080 ## - UNIVERSAL DECIMAL CLASSIFICATION NUMBER
Universal Decimal Classification number 633.812
245 ## - TITLE STATEMENT
Title გერანის კულტურის აგროწესები
245 ## - TITLE STATEMENT
Statement of responsibility, etc. რედ: ბ.ა. იაკობაშვილი
260 ## - PUBLICATION, DISTRIBUTION, ETC.
Place of publication, distribution, etc. თბილისი
260 ## - PUBLICATION, DISTRIBUTION, ETC.
Name of publisher, distributor, etc. სახელგამი
260 ## - PUBLICATION, DISTRIBUTION, ETC.
Date of publication, distribution, etc. 1940
300 ## - PHYSICAL DESCRIPTION
Extent 51გვ.21სმ.
653 ## - INDEX TERM--UNCONTROLLED
Uncontrolled term გერანის კულტურის აგროწესები
942 ## - ADDED ENTRY ELEMENTS (KOHA)
Koha item type წიგნი
ეგზემპლარები
Withdrawn status Lost status Damaged status Not for loan Date acquired Barcode Date last seen Price effective from Koha item type
        2018-12-17 19730 2018-12-17 2018-12-17 წიგნი